| 000 | 00865nam a2200289 a 4500 | ||
|---|---|---|---|
| 001 | 1494 | ||
| 003 | BD-RjUL | ||
| 005 | 20211208233340.0 | ||
| 008 | 860313s1986 nyu b 000 0 eng | ||
| 020 | _a0824207300 | ||
| 035 | _a(BD-RjUL)1517 | ||
| 040 |
_aLC _beng _cLC _dNUN _dBD-RjUL |
||
| 041 | _aeng | ||
| 082 | 0 | 4 |
_a025.49 _223 _bSES 1986 |
| 100 | 1 |
_aSears, Minnie Earl _d1873-1933. _94416 |
|
| 245 | 1 | 0 |
_aSears list of subject headings / _cMinnie Earl Sears ; ed by Carmen Rovira, Caroline Reyes |
| 246 | 3 | _aList of subject headings | |
| 250 | _a13th ed. | ||
| 260 |
_aNew York : _bWilson, _c1986. |
||
| 300 |
_axl, 681 p. ; _c26 cm. |
||
| 504 | _aBibliography: p. xxxi-xxxiii. | ||
| 650 | 0 |
_aSubject headings. _91585 |
|
| 700 | 1 |
_aRovira, Carmen. ed. _94417 |
|
| 700 | 1 |
_aReyes, Caroline, jt. ed. _94418 |
|
| 942 |
_2ddc _cBK |
||
| 999 |
_c1494 _d1494 |
||